000 00563nam a22001817a 4500
003 OSt
005 20260112075509.0
008 260112b |||||||| |||| 00| 0 eng d
020 _a0-397-55327-7L.
040 _aDWCL-Main lib.
_cOC
082 _aCirc. 615.1 P494l 1998
100 _aParadiso, Catherine
245 _aLippincott's review series :
_bpharmacology/
_cCatherine Paradiso
260 _aPhiladelphia :
_bLippincott Williams & Wilkins,
_cc1998.
300 _axvii, 636 p. ;
_c22 cm
650 _aPharmacology.
942 _2ddc
_cBK-CIRC
_hCirc.
_n0
999 _c7300
_d7300